| 000 | nam a22 7a 4500 | ||
|---|---|---|---|
| 999 |
_c3043 _d3043 |
||
| 005 | 20170519102034.0 | ||
| 008 | 170519b1977 enk||||| |||| 00| 0 eng d | ||
| 020 |
_a0566020033 : _c £12.50 |
||
| 040 | _aAKMAL | ||
| 082 | _a658.3 DES | ||
| 090 |
_a658.3 _bDES |
||
| 100 | 1 |
_aDesatnick, Robert L. _96342 |
|
| 245 | 1 | 0 |
_aHuman resource management in the multinational company / _b[by] R. L. Desatnick & M. L. Bennett ; edited by Raymond Maddison. |
| 260 |
_aFarnborough. Hants. : _bGower Press, _c1977 |
||
| 300 |
_a xii, 411 p. : _bill., forms ; _c23 cm |
||
| 500 | _aIncludes index. | ||
| 650 | 0 |
_aInternational business enterprises _xPersonnel management. _96179 |
|
| 700 | 1 |
_aBennett, Margo L., _ejoint author. _96343 |
|
| 700 | 1 |
_aMaddison, Raymond. _96344 |
|
| 942 |
_2ddc _cBOOK |
||